Business Statistics (Record no. 4852)
[ view plain ]
| 000 -LEADER | |
|---|---|
| fixed length control field | 00319nam a2200145Ia 4500 |
| 008 - FIXED-LENGTH DATA ELEMENTS--GENERAL INFORMATION | |
| fixed length control field | 191201s2010 xx 000 0 und d |
| 082 ## - DEWEY DECIMAL CLASSIFICATION NUMBER | |
| Classification number | 658.083 |
| Item number | BEB |
| 100 ## - MAIN ENTRY--PERSONAL NAME | |
| Personal name | BERI,G.C |
| 245 #0 - TITLE STATEMENT | |
| Title | Business Statistics |
| 250 ## - EDITION STATEMENT | |
| Edition statement | 3rd |
| 260 ## - PUBLICATION, DISTRIBUTION, ETC. (IMPRINT) | |
| Place of publication, distribution, etc | N.Delhi |
| Name of publisher, distributor, etc | TMH |
| Date of publication, distribution, etc | 2010 |
| 300 ## - PHYSICAL DESCRIPTION | |
| Extent | 802 |
| 650 ## - SUBJECT ADDED ENTRY--TOPICAL TERM | |
| Topical term or geographic name as entry element | BBA |
| 942 ## - ADDED ENTRY ELEMENTS (KOHA) | |
| Source of classification or shelving scheme | Dewey Decimal Classification |
| Koha item type | Text Books |
| 942 ## - ADDED ENTRY ELEMENTS (KOHA) | |
| -- | 15 |
| Withdrawn status | Lost status | Source of classification or shelving scheme | Damaged status | Not for loan | Collection code | Home library | Current library | Date acquired | Source of acquisition | Cost, normal purchase price | Bill Number | Total Checkouts | Full call number | Acc. no. / Barcode | Date last seen | Date last borrowed | Bill Date | Koha item type | Checked out | Public note |
|---|---|---|---|---|---|---|---|---|---|---|---|---|---|---|---|---|---|---|---|---|
| Dewey Decimal Classification | BBA | PIET C-LIBRARY | PIET C-LIBRARY | 29/07/2011 | The book company | 410.00 | IN-858 | 1 | 658.083 BEB | 17526 | 24/02/2021 | 09/02/2021 | 27/07/2011 | Text Books | ||||||
| Dewey Decimal Classification | BBA | PIET C-LIBRARY | PIET C-LIBRARY | 29/07/2011 | The book company | 410.00 | IN-858 | 8 | 658.083 BEB | 17527 | 18/11/2023 | 18/11/2023 | 27/07/2011 | Text Books | 04/12/2023 | |||||
| Dewey Decimal Classification | BBA | PIET C-LIBRARY | PIET C-LIBRARY | 29/07/2011 | The book company | 410.00 | IN-858 | 11 | 658.083 BEB | 17528 | 27/04/2026 | 15/04/2026 | 27/07/2011 | Text Books | ||||||
| Dewey Decimal Classification | BBA | PIET C-LIBRARY | PIET C-LIBRARY | 29/07/2011 | The book company | 410.00 | IN-858 | 1 | 658.083 BEB | 17529 | 03/11/2022 | 06/10/2022 | 27/07/2011 | Text Books | ||||||
| Dewey Decimal Classification | BBA | PIET C-LIBRARY | PIET C-LIBRARY | 29/07/2011 | The book company | 410.00 | IN-858 | 18 | 658.083 BEB | 17530 | 30/04/2026 | 16/04/2026 | 27/07/2011 | Text Books | ||||||
| Dewey Decimal Classification | BBA | PIET C-LIBRARY | PIET C-LIBRARY | 29/07/2011 | The book company | 410.00 | IN-858 | 5 | 658.083 BEB | 17531 | 25/11/2024 | 08/11/2024 | 27/07/2011 | Text Books | ||||||
| Dewey Decimal Classification | BBA | PIET C-LIBRARY | PIET C-LIBRARY | 29/07/2011 | The book company | 410.00 | IN-858 | 5 | 658.083 BEB | 17532 | 07/11/2024 | 24/10/2024 | 27/07/2011 | Text Books | . |